Science Quiz

Random Science or Clickable Quiz

Psychology Studies: Gender Development Quiz Stats

Quiz not verified by Sporcle

Also try: Mystery Elements
Challenge
Share
Tweet
Embed
Score 0/23 Timer 10:00
0 Plays Today
% Correct
Bem's Sex Role Inventory
68.5%
Toy Monkey Study
68.5%
The Batista Boys
61.6%
Little Hans
54.8%
Sugihara and Katsurada
45.2%
Mead
39.7%
Diamond and Sigmundson
32.9%
Martin and Halverson
32.9%
Roscoe
24.7%
Pontius
21.9%
Buss
20.5%
Furnham and Gallagher
20.5%
% Correct
Smith and Lloyd
20.5%
Seavey
17.8%
Fagot
17.8%
Fagot
17.8%
Eccles
16.4%
Van Goozen
15.1%
Best
13.7%
Deloache
13.7%
Idle
11%
Green
11%
Rekers
8.2%

You're not logged in!

Compare scores with friends on all Sporcle quizzes.
Sign Up with Email
OR
Log In

You Might Also Like...

Show Comments

Extras

Top Quizzes Today


Score Distribution

Your Account Isn't Verified!

In order to create a playlist on Sporcle, you need to verify the email address you used during registration. Go to your Sporcle Settings to finish the process.